| 000 | 00389nam a22001697a 4500 | ||
|---|---|---|---|
| 003 | SGT | ||
| 020 | _a9781138035423 | ||
| 082 |
_a616.027 _bE19A |
||
| 100 | _aANGELO, JOHN G.D. | ||
| 245 | _aETHICS IN SCIENCE | ||
| 250 | _a2ND | ||
| 260 |
_aNEW YORK _bCRC PRESS _c2019 |
||
| 300 | _a144 | ||
| 650 | _aPHARMACY | ||
| 653 | _aPHARMACY, ETHICS SCIENCE, PHARMACY ETHICS | ||
| 942 |
_2ddc _cBK |
||
| 999 |
_c23841 _d23841 |
||